000
00320nam a2200133Ia 4500
005
20251222143108.0
008
251222s9999||||xx |||||||||||||| ||spa||
020
_a
84-9743-110-3
082
_a
372.7/C29
100
_a
Carbó, Liliana
245
0
_a
El Mundo a través de los Números
264
_b
Milenio
942
_c
LIB
999
_c
11069
_d
11069